Responses for show #5160 - Friday, February 2, 2007

(Drew Barrymore: Hi, I'm Drew Barrymore, and you can see me when my movie Music and Lyrics opens on Valentine's Day. But now, sit back, and see how you do with answering my clues today on Jeopardy!)

Contestants

[<< previous game]

Erica Eaton, a social worker and grad student from New York, New York

Tana Sibilio, a caregiver from Stamford, Connecticut

Wayne Cherry, a graduate student from Houston, Texas (whose 1-day cash winnings total $20,600)

[next game >>]

Jeopardy! Round responses

THE GOOD BOOK
DOORS SONGS IN OTHER WORDS
FOOD & DRINK BRANDS
ISLAND HOPPING
MURDERS & ACQUISITIONS
(Alex: I like that one.)
"LET"S END THIS
    $200 1
Noah

Wayne
    $200 21
"Light My Fire"

Erica
    $200 4
Welch's

Wayne
    $200 26
Greece

Wayne
    $200 8
diamonds

Erica
    $200 16
a pamphlet

Wayne
    $400 2
Moses

Tana
    $400 22
(Wayne: What's "Riders On A Storm"?)

"Riders On The Storm"

WayneErica
    $400 7
Gerber's

Tana
    $400 27
the Falklands

Tana
    $400 12
a bank robbery

Wayne
    $400 17
an omelet

Wayne
    $600 3
Babylon

Erica
    $600 23
"Hello, I Love You"

Erica
    $1,000 9
(Erica: Hmmm.)
(Alex: Erica?)
(Erica: What is hope?)
(Alex: No. If-- I'll bet you think of it as soon as you imagine a loaf of [*] bread, with all the little balloons on it.)

wonder

Erica
    $600 28
Cuba

Wayne
    $600 13
executioner

Tana
    $600 18
the gullet

Wayne
    $800 5
Daniel

Triple Stumper
    $800 24
"People Are Strange"

Tana
    $800 10
(Erica: What is Mug Root Beer?)

A&W Root Beer

WayneErica
    $800 29
(Erica: What is Pollock Island?)

Parris Island

Erica
Triple Stumper
    $800 14
(Henry) Fielding

Wayne
    $800 19
the violet

Triple Stumper
    $1000 6
Job

Wayne
    $1000 25
(Tana: What is "Touch Me, Babe"?)
(Alex: Ooh... No.)
...
(Alex: [*], without the "Babe".)

"Touch Me"

WayneTana
    $1000 11
Eggo

Tana
    $1000 30
Japan

Tana
    $1000 15
Weimar

Wayne
    $1000 20
Hamlet

Tana

Scores at the first commercial break (after clue 15):

Wayne Tana Erica
$4,400 $2,400 -$1,000

Scores at the end of the Jeopardy! Round:

Wayne Tana Erica
$7,000 $4,600 -$600

Double Jeopardy! Round responses

A GOOD BOOK
MUSIC & LYRICS
(Alex: Clues will be given by Drew Barrymore, star of the upcoming film with that title.)
FORBES 100 MOST POWERFUL WOMEN
SCIENCE
IT HAPPENED ON GROUNDHOG DAY
IN THE MIDDLE OF THE STATE
(Alex: We're gonna give you the letters in the middle of a state's name. You have to fill out the word and give us the name of the state.)
    $400 16
Stuart Little

Wayne
    $400 6
John Lennon & Paul McCartney

Wayne
    $400 11
Hillary Clinton

Erica
    $400 26
the Milky Way

Wayne
    $400 21
James Joyce

Wayne
    $400 1
New Hampshire

Wayne
    $800 17
Dorian Gray

Wayne
    $800 7
Rogers & Hammerstein

Wayne
    $800 12
(Tana: Who is Melissa Gates?)
(Alex: No. You changed her first name from [*] to Melissa, and that cost you.)

Melinda Gates

Tana
Triple Stumper
    $2,000 27
(Wayne: What is an electromagnet?)

a generator

Wayne
    $800 22
Frank Sinatra

Tana
    $800 2
West Virginia & Virginia

Tana
    $1200 18
The Maltese Falcon

Tana
    $1200 8
Burt Bacharach

Erica
    $1200 13
Ruth Bader Ginsburg

Erica
    $1200 28
Chromium

Wayne
    $1200 23
New Amsterdam

Wayne
    $1200 3
Montana

Erica
    $1600 19
Little Women

Tana
    $1600 9
(Mike) Stoller

Tana
    $1600 14
(Erica: [*] -- who is?)
[audience laughs]

Christiane Amanpour

Erica
    $1600 29
an electromagnet

Wayne
    $1600 24
(Wayne: What is the Spanish-American War?)

the Mexican-American War

WayneTana
    $1600 4
Oregon

Erica
    $5,000 20
(Tana: What is Catcher in the Rye?)
(Alex: No. What is [*]? Jack Kerouac.)

On The Road

Tana
    $2000 10
(Tana: Who is Willie Nelson?)
(Alex: No. ... Who is [*]? We are going for the writer.)

Kris Kristofferson

Tana
Triple Stumper
    $2000 15
Angela Merkel

Triple Stumper
    $2000 30
the antielectron

Wayne
    $2000 25
Idi Amin

Erica
    $2000 5
Nebraska

Erica

Scores at the end of the Double Jeopardy! Round:

Wayne Tana Erica
$13,000 $4,400 $10,600

[wagering suggestions for these scores]

Final Jeopardy! Round responses

FAMOUS AMERICANS
(Alex: Three famous Americans, I think, would come to mind immediately: Pershing, MacArthur, and this individual.)
...
(Alex: [Revealing Tana's response] That is the third one. You are right. That's who we associate with tanks.)
TanaWho is George Patton?
$4,400
EricaWho is Patton?
$10,001
WayneWho is George Patton?
$8,201
George Patton

Final scores:

Wayne Tana Erica
$21,201 $8,800 $20,601
2-day champion: $41,801 3rd place: $1,000 2nd place: $2,000

Game dynamics:

Coryat scores:

Wayne Tana Erica
$15,000 $9,400 $11,600
24 R,
3 W
(including 1 DD)
14 R,
4 W
(including 1 DD)
13 R,
3 W
(including 1 DD)

Combined Coryat: $36,000

The J! Archive is created by fans, for fans. The Jeopardy! game show and all elements thereof, including but not limited to copyright and trademark thereto, are the property of Jeopardy Productions, Inc. and are protected under law. This website is not affiliated with, sponsored by, or operated by Jeopardy Productions, Inc. Join the discussion at JBoard.tv.